000 00456nam a2200169Ia 4500
005 20140403132934.0
008 140130s9999 xx 000 0 und d
050 _aPZ 7
_b.D121 2007
245 _cDadey, Debbie
_aThe adventures of the bailey school kids: pirates don't wear pink sunglasses
260 _bScholastic,
_c1994
300 _a78 p. :
_bill. ;
_c20 cm.
440 _v1
521 _aG4
526 _c640
942 _cBK
_2lcc
999 _c40844
_d40844